000 00299nam a22001337a 4500
008 170413b xxu||||| |||| 00| 0 eng d
020 _a9780632043323
041 _aeng
080 _24 ED
_a618
100 _a10
101 _aSHM
245 _aHIGH RISK PREGNANCY
_cQUEENAN.J.T
942 _2udc
_cBK
999 _c10614
_d10614